[Event "AUTO-OPEN-983"]
[Site "http://www.queenalice.com/game.php?id=342173"]
[Date "2008.1.24"]
[Round "1"]
[White "ivan_at"]
[Black "ousado"]
[Result "1-0"]
[WhiteElo "1640"]
[BlackElo "1089"]

1. d4 e5 2. dxe5 Nc6 3. Nf3 Qe7 4. e4 Nxe5 5. Nxe5 Qxe5 6. Nc3 Nf6 7. Bd3 b6 8.
O-O Bd6 9. g3 Bb7 10. Re1 O-O 11. Bf4 Qc5 12. e5 Qc6 13. Ne4 Nxe4 14. Bxe4 1-0

[Event "AUTO-OPEN-983"]
[Site "http://www.queenalice.com/game.php?id=342174"]
[Date "2008.1.24"]
[Round "1"]
[White "ousado"]
[Black "ivan_at"]
[Result "0-1"]
[WhiteElo "1234"]
[BlackElo "1634"]

1. e4 e5 2. Nf3 Nc6 3. Bb5 a6 4. Ba4 Nf6 5. O-O Be7 6. Nc3 b5 7. Bb3 O-O 8. d3
Bb7 9. Nd5 Bc5 10. Nxf6+ Qxf6 11. Be3 Bxe3 12. fxe3 Ne7 13. Bd5 Nxd5 14. exd5
Bxd5 15. e4 Bb7 16. Nd4 Qg6 17. Qd2 exd4 0-1

[Event "AUTO-INT-771"]
[Site "http://www.queenalice.com/game.php?id=344674"]
[Date "2008.1.29"]
[Round "1"]
[White "ivan_at"]
[Black "DSMarcal"]
[Result "0-1"]
[WhiteElo "1641"]
[BlackElo "1488"]

1. e4 e5 2. Nf3 Nc6 3. Bb5 Nd4 4. Nxd4 exd4 5. O-O a6 6. Ba4 b5 7. Bb3 Bd6 8.
Re1 Be5 9. c3 Bb7 10. d3 Qh4 11. g3 Qf6 12. f4 d6 13. fxe5 dxe5 14. Rf1 Qb6 15.
Qf3 Nf6 16. Bg5 dxc3+ 17. Qf2 cxb2 18. Qxb6 cxb6 19. Nc3 bxa1=B 20. Rxa1 O-O 21.
Rf1 b4 22. Na4 b5 23. Nc5 h6 24. Bxf6 Bc6 25. Bxe5 Rad8 26. Re1 Kh7 27. Nxa6
Rfe8 28. d4 f6 29. Nxb4 Bd7 30. Bd6 Bh3 31. Bc5 f5 32. e5 g5 33. Nc6 Rc8 34. d5
h5 0-1

[Event "AUTO-INT-771"]
[Site "http://www.queenalice.com/game.php?id=344675"]
[Date "2008.1.29"]
[Round "1"]
[White "DSMarcal"]
[Black "ivan_at"]
[Result "1-0"]
[WhiteElo "1449"]
[BlackElo "1658"]

1. e4 e5 2. c4 Nf6 3. g4 d6 4. g5 Nxe4 5. d3 Nxg5 6. Bxg5 Qxg5 7. Nf3 Qf6 8. Bg2
Be7 9. O-O O-O 10. Nc3 Nc6 11. Nd5 Qg6 12. Nxc7 Bh3 13. Ne1 Nd4 14. Kh1 Bxg2+
15. Nxg2 Rac8 16. Nd5 Bd8 17. Qa4 Qxd3 18. Qxa7 Rxc4 19. Qxb7 Qf3 20. b3 Rc2 21.
Rad1 Bh4 22. Rxd4 exd4 23. Ne7+ Bxe7 24. Qxf3 1-0

[Event "AUTO-INT-771"]
[Site "http://www.queenalice.com/game.php?id=344676"]
[Date "2008.1.29"]
[Round "1"]
[White "ivan_at"]
[Black "YouLoseSorry"]
[Result "1-0"]
[WhiteElo "1633"]
[BlackElo "1530"]

1. e4 d6 2. d4 f5 3. Nc3 Nf6 4. Bg5 h6 5. Bxf6 gxf6 6. Qd2 fxe4 7. Nxe4 Bf5 8.
Ng3 e6 9. O-O-O Bg4 10. Re1 e5 11. d5 a6 12. Be2 Bxe2 13. N1xe2 c6 14. Nc3 h5
15. h4 Bh6 16. f4 Bxf4 17. Qxf4 b5 18. Qf5 Kf8 19. Nxh5 b4 20. Ne4 cxd5 21.
Nexf6 Rxh5 22. Nxh5+ Ke8 23. Nf6+ Ke7 24. Nxd5+ Ke8 25. Rhf1 Qxh4 26. Qf8+ Kd7
27. Nb6+ Kc6 28. Nxa8 Qg5+ 29. Kb1 Nd7 30. Qf3+ d5 31. Rd1 e4 32. Qe2 Kb7 33. g4
Kxa8 34. Qxa6+ Kb8 35. Qd6+ Kc8 36. Rxd5 Qxg4 37. Rc5+ Nxc5 38. Rf8+ Kb7 39.
Rb8+ Ka7 40. Qb6# 1-0

[Event "AUTO-INT-771"]
[Site "http://www.queenalice.com/game.php?id=344677"]
[Date "2008.1.29"]
[Round "1"]
[White "YouLoseSorry"]
[Black "ivan_at"]
[Result "1-0"]
[WhiteElo "1461"]
[BlackElo "1664"]

1. d3 e5 2. f4 Nc6 3. Nf3 d6 4. c4 Bg4 5. Ng5 f5 6. fxe5 Nxe5 7. h3 Qxg5 8. Bxg5
Be7 9. Bf4 Bh5 10. Bxe5 dxe5 11. g4 fxg4 12. e3 O-O-O 13. hxg4 Bg6 14. e4 Nf6
15. g5 Nxe4 16. dxe4 Rxd1+ 17. Kxd1 Bxe4 18. Rh4 Bf3+ 19. Be2 Bxg5 20. Rh3 Bg2
21. Rg3 1-0

[Event "AUTO-INT-771"]
[Site "http://www.queenalice.com/game.php?id=344678"]
[Date "2008.1.29"]
[Round "1"]
[White "ivan_at"]
[Black "carpe_diem"]
[Result "1-0"]
[WhiteElo "1626"]
[BlackElo "1598"]

1. e4 c5 2. Nf3 Nc6 3. d4 cxd4 4. Nxd4 Nxd4 5. Qxd4 e6 6. Nc3 b6 7. Be3 Bb7 8.
O-O-O Bc6 9. Be2 Nf6 10. f3 Bc5 11. Qd3 Bxe3+ 12. Qxe3 O-O 13. g4 d5 14. f4 Nxe4
15. Nxe4 dxe4 16. Rxd8 Rfxd8 17. Rd1 Bd5 18. c4 Rac8 19. Kb1 Bb7 20. Rxd8+ Rxd8
21. b3 g6 22. Kb2 f6 23. h4 h6 24. f5 exf5 25. gxf5 gxf5 26. Qxh6 Kf7 27. h5 Ke6
28. Qg7 Rd2+ 29. Ka3 Rxe2 30. Qxb7 Rh2 31. Qd5+ Ke7 32. Qxf5 Re2 33. h6 e3 34.
h7 1-0

[Event "AUTO-INT-771"]
[Site "http://www.queenalice.com/game.php?id=344679"]
[Date "2008.1.29"]
[Round "1"]
[White "carpe_diem"]
[Black "ivan_at"]
[Result "1/2-1/2"]
[WhiteElo "1573"]
[BlackElo "1636"]

1. e4 e5 2. Nf3 Nc6 3. Bb5 a6 4. Bxc6 dxc6 5. O-O Bg4 6. h3 Bh5 7. d3 Qd7 8.
Nxe5 Bxd1 9. Nxd7 Kxd7 10. Rxd1 Re8 11. a3 Bc5 12. Bf4 Nf6 13. Nc3 b5 14. b4 Ba7
15. Re1 Nh5 16. Bd2 g6 17. Bg5 Re6 18. Ne2 Rhe8 19. Nf4 Nxf4 20. Bxf4 c5 21. Be3
Kd6 22. c3 c6 23. Bf4+ Kd7 24. Be3 Kd6 25. Bf4+ Kd7 26. Be3 Kd6 27. Bf4+ 1/2-1/2

[Event "AUTO-INT-795"]
[Site "http://www.queenalice.com/game.php?id=354891"]
[Date "2008.2.15"]
[Round "1"]
[White "ivan_at"]
[Black "qfnol31"]
[Result "0-1"]
[WhiteElo "1617"]
[BlackElo "1460"]

1. e4 e5 2. Nf3 Nc6 3. Bb5 Qf6 4. O-O Bc5 5. c3 Nge7 6. d4 a6 7. dxe5 Qe6 8. Ba4
Nxe5 9. Nxe5 Qxe5 10. Qe2 Bd6 11. g3 b5 12. Bc2 Bb7 13. Bf4 Qc5 14. Bxd6 cxd6
0-1

[Event "AUTO-INT-795"]
[Site "http://www.queenalice.com/game.php?id=354892"]
[Date "2008.2.15"]
[Round "1"]
[White "qfnol31"]
[Black "ivan_at"]
[Result "1-0"]
[WhiteElo "1483"]
[BlackElo "1617"]

1. e4 e5 2. d4 exd4 3. Qxd4 Nc6 4. Qc3 d6 5. Ba6 Nf6 6. Bg5 Be7 7. Nd2 O-O 8.
Bc4 h6 9. Bh4 b6 10. Ngf3 Bb7 11. Qd3 Ne5 12. Nxe5 dxe5 13. O-O-O Qxd3 14. cxd3
1-0

[Event "AUTO-INT-795"]
[Site "http://www.queenalice.com/game.php?id=354895"]
[Date "2008.2.15"]
[Round "1"]
[White "ivan_at"]
[Black "SGF"]
[Result "0-1"]
[WhiteElo "1615"]
[BlackElo "1550"]

1. e4 e5 2. Nf3 Qf6 3. Bc4 Qg6 4. O-O d6 5. c3 Bh3 6. g3 Bxf1 7. Qxf1 Qxe4 8.
Bxf7+ Kxf7 9. Ng5+ Ke8 10. Nxe4 Nf6 11. Nxf6+ gxf6 12. d4 exd4 13. cxd4 c6 14.
Nd2 Nd7 15. b4 a6 16. Bb2 h5 17. Nb3 b6 18. Re1+ Be7 19. Qe2 Rh7 20. d5 cxd5 21.
Bxf6 Nxf6 22. Nd4 h4 23. Nc6 hxg3 24. fxg3 Ng8 25. Nxe7 Nxe7 26. b5 a5 27. Qe6
Rd8 28. Qg6+ Rf7 29. Qg8+ Rf8 30. Qe6 Rd7 31. Qxd5 Kd8 32. Qa8+ Nc8 33. Qe4 Re7
34. Qh4 Rf7 35. Qd4 Rxe1+ 0-1

[Event "AUTO-INT-795"]
[Site "http://www.queenalice.com/game.php?id=354896"]
[Date "2008.2.15"]
[Round "1"]
[White "SGF"]
[Black "ivan_at"]
[Result "1-0"]
[WhiteElo "1556"]
[BlackElo "1634"]

1. e4 e5 2. Qh5 Nf6 3. Qxe5+ Be7 4. Nf3 d6 5. Qg5 O-O 6. e5 Nd5 7. Qh5 g6 8. Qh6
dxe5 9. Nxe5 Bg5 10. Qxf8+ Kxf8 11. h4 Bh6 12. Bc4 Qe8 13. d4 f6 14. Bxh6+ Kg8
15. Bxd5+ Kh8 16. f4 fxe5 17. fxe5 c6 18. Bc4 b5 19. Rf1 Bf5 20. Bd3 Nd7 21. h5
Qe6 22. hxg6 hxg6 23. Rh1 Kg8 24. Nd2 Re8 25. Nf3 c5 26. Bxb5 cxd4 27. Bxd7 Qxd7
28. Bg5 Qg7 29. O-O-O Bg4 30. Bf6 Qxf6 31. exf6 Kf7 32. Rxd4 Kxf6 33. Rxg4 1-0